000
00333nam a2200145 a 4500
008
990125s1957||||xx 0 und c
040
_a
SNK
_b
slo
_c
SNK
_e
AACR2
100
1
_a
Forman, B.
245
1
0
_a
Umění čtyř světadílů
260
_a
Praha
_b
Orbis
_c
1957
300
_a
325 s.
020
_c
130
044
_a
CZ
041
_a
cze
999
_c
14995
_d
14995